| 000 | 00724nam a2200205 a 4500 | ||
|---|---|---|---|
| 001 | 000042819 | ||
| 005 | 20201002040423.0 | ||
| 008 | 140210s1976 sp 000 0 spa d | ||
| 020 | _a8430630317 | ||
| 040 |
_aDO-SdBNP _bspa _cBNPHU |
||
| 100 | 1 |
_aLópez Pina, Antonio. _970179 |
|
| 245 | 1 | 3 |
_aLa Cultura Política de la España de Franco / _cAntonio López Pina, Eduardo L. Aranguren. |
| 260 |
_aMadrid : _bTaurus, _c1976. |
||
| 300 |
_a218 p. ; _c21 cm. |
||
| 490 | 1 |
_aBiblioteca política Taurus _v31 |
|
| 504 | _aBibliografía : p. 215-218. | ||
| 504 | _aIncluye referencias bibliográficas y notas al pie de las páginas | ||
| 700 | 1 |
_aAranguren, Eduardo L. _970180 |
|
| 830 | 0 |
_aBiblioteca política Taurus _v31 _970181 |
|
| 999 |
_c42308 _d42308 |
||